[Event "Muensterland Verbandsklasse 1718"]
[Site "Germany"]
[Date "2017.10.14"]
[Round "2.8"]
[White "Boogaard, Dick"]
[Black "Koerbel, Thomas"]
[Result "1-0"]
[WhiteElo "1796"]
[BlackElo "1327"]
[PlyCount "41"]
[EventDate "2017.09.16"]
[EventType "team-tourn"]
[EventRounds "9"]
[EventCountry "GER"]
[SourceTitle "EXT 2019"]
[Source "ChessBase"]
[SourceDate "2018.10.10"]
[SourceVersion "1"]
[SourceVersionDate "2018.10.10"]
[SourceQuality "1"]
[WhiteTeam "Suedlohn II"]
[BlackTeam "Saerbeck"]
[WhiteTeamCountry "GER"]
[BlackTeamCountry "GER"]

1. c4 e6 2. Nc3 d5 3. cxd5 exd5 4. d4 Bf5 5. Nf3 c6 6. e3 Nf6 7. Bd3 Bxd3 8. Qxd3 Be7 9. 0-0 0-0 10. Re1 Nbd7 11. e4 dxe4 12. Nxe4 Re8 13. Bd2 Qc7 14. Rac1 Rad8 15. Qc4 Nb6 16. Qb3 Nbd5 17. Nxf6+ Bxf6 18. Rxe8+ Rxe8 19. Qxd5 cxd5 20. Rxc7 h6 21. Kf1 1-0

[Event "Steinfurt Bezirksklasse 1516"]
[Site "Germany"]
[Date "2015.09.26"]
[Round "2.5"]
[White "Thiele, Simon"]
[Black "Koerbel, Thomas"]
[Result "0-1"]
[WhiteElo "1258"]
[BlackElo "1309"]
[PlyCount "84"]
[EventDate "2015.09.05"]
[EventType "team-tourn"]
[EventRounds "9"]
[EventCountry "GER"]
[SourceTitle "EXT 2017"]
[Source "ChessBase"]
[SourceDate "2016.10.25"]
[SourceVersion "1"]
[SourceVersionDate "2016.10.25"]
[SourceQuality "1"]
[WhiteTeam "Emsdetten Rochade VI"]
[BlackTeam "Saerbeck II"]
[WhiteTeamCountry "GER"]
[BlackTeamCountry "GER"]

1. e4 e5 2. Nf3 Nf6 3. Nc3 Bb4 4. Nxe5 Qe7 5. Nf3 Bxc3 6. dxc3 Nxe4 7. Qe2 0-0 8. Ng5 Re8 9. f3 Nxg5 10. Bxg5 Qxe2+ 11. Bxe2 d6 12. Kf2 Nc6 13. Rhe1 Bd7 14. Bb5 h6 15. Be7 f6 16. Re2 Ne5 17. Bxd7 Nxd7 18. f4 Nb6 19. Rae1 Kf7 20. Bxd6 Rxe2+ 21. Rxe2 cxd6 22. g4 Re8 23. Rd2 Nc4 24. Rd4 Nxb2 25. Rxd6 Re7 26. Rd4 Rc7 27. Kg3 Rxc3+ 28. Kh4 Rc7 29. Kg3 Rc3+ 30. Kh4 Rc7 31. Kh5 Nc4 32. Rd3 b5 33. Rd5 a6 34. h4 Ne3 35. Rd6 Ng2 36. Rd4 Rxc2 37. a4 Rd2 38. Rb4 a5 39. axb5 axb4 40. g5 b3 41. gxh6 Rd5+ 42. Kg4 gxh6 0-1

[Event "Steinfurt Bezirksklasse 1112"]
[Site "Germany"]
[Date "2011.12.17"]
[Round "4.4"]
[White "Koerbel, Thomas"]
[Black "Goihl, Annika"]
[Result "1-0"]
[WhiteElo "1306"]
[BlackElo "1486"]
[PlyCount "41"]
[EventDate "2011.09.24"]
[EventType "team-tourn"]
[EventRounds "9"]
[EventCountry "GER"]
[SourceTitle "EXT 2013"]
[Source "ChessBase"]
[SourceDate "2012.11.22"]
[SourceVersion "1"]
[SourceVersionDate "2012.11.22"]
[SourceQuality "1"]
[WhiteTeam "Saerbeck III"]
[BlackTeam "Emsdetten Rochade IV"]
[WhiteTeamCountry "GER"]
[BlackTeamCountry "GER"]

1. e4 c6 2. d4 d5 3. Nc3 dxe4 4. Nxe4 Bf5 5. Ng3 Bg6 6. h4 h6 7. Bd3 Bxd3 8. Qxd3 Nf6 9. Nf3 e6 10. Bf4 Nd5 11. Bd2 Qb6 12. 0-0-0 Nd7 13. Rhe1 Rc8 14. Ne4 c5 15. Nc3 Nb4 16. Qc4 Qc7 17. d5 Nb6 18. Qb5+ Nd7 19. dxe6 fxe6 20. Rxe6+ Kf7 21. Qc4 1-0

[Event "Steinfurt Bezirksklasse 1011"]
[Site "Germany"]
[Date "2011.03.19"]
[Round "8.6"]
[White "Kiefner, Ulrich"]
[Black "Koerbel, Thomas"]
[Result "0-1"]
[WhiteElo "849"]
[BlackElo "1278"]
[PlyCount "48"]
[EventDate "2010.09.25"]
[EventType "team-tourn"]
[EventRounds "9"]
[EventCountry "GER"]
[SourceTitle "EXT 2012"]
[Source "ChessBase"]
[SourceDate "2011.11.24"]
[SourceVersion "1"]
[SourceVersionDate "2011.11.24"]
[SourceQuality "1"]
[WhiteTeam "Emsdetten Turm IV"]
[BlackTeam "Saerbeck III"]
[WhiteTeamCountry "GER"]
[BlackTeamCountry "GER"]

1. e4 e5 2. Nf3 Nf6 3. Nxe5 d6 4. Nf3 Nxe4 5. d3 Nf6 6. Nc3 Nc6 7. Bg5 Be7 8. d4 0-0 9. d5 Ne5 10. Nxe5 dxe5 11. Bc4 Bg4 12. f3 Bh5 13. Qe2 Bb4 14. Qxe5 Re8 15. Qxe8+ Qxe8+ 16. Kf2 Bc5+ 17. Kg3 Qe5+ 18. Bf4 Qd4 19. Bxc7 Qxc4 20. Rhd1 Bg6 21. d6 Nh5+ 22. Kh3 Qe6+ 23. g4 Nf4+ 24. Kg3 Qe5 0-1

[Event "Steinfurt Bezirksliga 0809"]
[Site "Germany"]
[Date "2008.11.22"]
[Round "3.7"]
[White "Kroeger, Ralf"]
[Black "Koerbel, Thomas"]
[Result "1/2-1/2"]
[WhiteElo "1521"]
[BlackElo "1211"]
[PlyCount "42"]
[EventDate "2008.09.27"]
[EventType "team-tourn"]
[EventRounds "9"]
[EventCountry "GER"]
[SourceTitle "EXT 2010"]
[Source "ChessBase"]
[SourceDate "2010.11.25"]
[SourceVersion "1"]
[SourceVersionDate "2010.11.25"]
[SourceQuality "1"]
[WhiteTeam "Steinfurt III"]
[BlackTeam "Saerbeck II"]
[WhiteTeamCountry "GER"]
[BlackTeamCountry "GER"]

1. d4 d5 2. c4 e6 3. Nc3 Nf6 4. Bg5 Be7 5. e3 0-0 6. Bd3 dxc4 7. Bxc4 h6 8. Bh4 b6 9. Nf3 Bb7 10. 0-0 Nd5 11. Bxe7 Qxe7 12. Nxd5 Bxd5 13. Bxd5 exd5 14. Qb3 Qd6 15. Ne5 c5 16. Rac1 Nc6 17. Nxc6 Qxc6 18. dxc5 bxc5 19. Qa3 c4 20. Rc2 Qg6 21. Rd2 Rfd8 1/2-1/2

[Event "Steinfurt Bezirksklasse 0708"]
[Site "Germany"]
[Date "2008.04.05"]
[Round "7.8"]
[White "Koerbel, Thomas"]
[Black "Bakker, David"]
[Result "1-0"]
[WhiteElo "1130"]
[BlackElo "1091"]
[PlyCount "39"]
[EventDate "2007.10.13"]
[EventType "team-tourn"]
[EventRounds "7"]
[EventCountry "GER"]
[SourceTitle "EXT 2009"]
[Source "ChessBase"]
[SourceDate "2008.11.26"]
[SourceVersion "1"]
[SourceVersionDate "2008.11.26"]
[SourceQuality "1"]
[WhiteTeam "Saerbeck III"]
[BlackTeam "Steinfurt IV"]
[WhiteTeamCountry "GER"]
[BlackTeamCountry "GER"]

1. e4 e5 2. Nf3 Nf6 3. Nc3 Nc6 4. Bb5 a6 5. Bxc6 dxc6 6. Nxe5 Qd4 7. Nf3 Qb4 8. 0-0 Bc5 9. a3 Qc4 10. d3 Qe6 11. Bf4 Bd6 12. e5 Bc5 13. exf6 gxf6 14. Re1 Qxe1+ 15. Qxe1+ Kd7 16. Ne4 Be7 17. Qc3 Rd8 18. Nxf6+ Bxf6 19. Qxf6 Rf8 20. Re1 1-0